The Lorax's Whereabouts... - Statistics

General Stats
  • This quiz has been taken 17 times
  • The average score is 12 of 17
Answers on the Map
Answers color-coded by a green-red scale on the quiz's map according to % correct below.
 
Answer Stats
Answer % Correct
Florida
100%
Maine
87%
New York
87%
Connecticut
73%
Georgia
73%
Massachusetts
73%
New Hampshire
73%
Rhode Island
73%
Delaware
67%
North Carolina
67%
South Carolina
67%
Virginia
67%
West Virginia
67%
Maryland
60%
New Jersey
60%
Pennsylvania
60%
Vermont
60%
No matching quizzes found
Score Distribution
Percent of People with Each Score
Percentile by Number Answered
Your Score History
You have not taken this quiz